| 000 | 00346nam a22001577a 4500 | ||
|---|---|---|---|
| 003 | SGT | ||
| 020 | _a8177371223 | ||
| 082 |
_a346.066 _bGHO |
||
| 100 | _aGHOSH , K M | ||
| 245 |
_aCOMPANY LAW _bWITH SECRETARIAL PRACTICE |
||
| 250 | _a13 | ||
| 260 |
_aNEW DELHI _bBHARAT LAW HOUSE _c2008 |
||
| 300 | _a6467 | ||
| 490 | _a1-3 | ||
| 942 |
_2ddc _cBK |
||
| 999 |
_c25103 _d25103 |
||